00341nam a2200133Ia 4500008004100000041000800041082001400049100001700063245003000080250000700110260004800117300002900165365001300194240624s9999 xx 000 0 und d aeng a304.8 BAI aBAILEY RAYNA aIMMIGRATION AND MIGRATION a11 c2010aNew DelhibViva Books Private Limited ax, : 325 : p. : cm. ; 23 cRSb33.5